000 00436nam a2200169Ia 4500
001 24662
003 IN-NITTTR
005 20251114233315.0
008 251113s9999||||xx |||||||||||||| ||eng||
040 _beng
040 _cIN-NITTTR
041 _aeng
082 _a004.62 D539N
100 _aDhore, Manikrao Laxmanrao
245 0 _aNetwork sniffer for multiprotocol ethernet network. /
_cDhore, Manikrao Laxmanrao
942 _2ddc
_cBK
999 _c27291
_d27291